000
00293nam a22001337a 4500
999
_c
528261
_d
528261
003
NUST
038
_a
MSOHAIL
082
_a
624.28
_b
TWB
100
_a
The Worldbank
_9
19945
245
_a
I - Beam Railway Bridge
260
_a
USA
_b
US Govt Printing
_c
1944
300
_a
48; p
942
_2
ddc
_c
BK